| 000 | 00347cam a2200145ua 4500 | ||
|---|---|---|---|
| 041 |
_aeng _h |
||
| 082 |
_a823.308 _bMAU/GL |
||
| 100 | _aMaurier, Daphne du . | ||
| 245 |
_aGlass-Blowers / _cDaphne du Maurier. _hTextual Documents |
||
| 260 |
_a : _bPenguin books , _c1963. |
||
| 300 | _a313 ; . | ||
| 504 | _a | ||
| 942 | _cBK | ||
| 999 |
_c905 _d905 |
||